Political change in Southeast Asia : trimming the banyan tree /

Recovering tradition. Deus ex impera. Differing on democracy. Core values or elitist cores. The religious challenge to authority. Coming toghether.

Sparad:
Bibliografiska uppgifter
Huvudupphovsman: Vatikiotis, Michael R. J., 1957-
Materialtyp: Bok
Språk:English
Publicerad: London; New York : Routledge, 1996.
Ämnen:
Taggar: Lägg till en tagg
Inga taggar, Lägg till första taggen!
Thư viện lưu trữ: Mạng thư viện Đại học Đà Nẵng
LEADER 01134cam a2200349 i 4500
001 000046012
003 5235
005 20030214112808.0
008 010220|1996 vm 000 eng
020 |a 0415134846 (pbk.) 
040 |a IRC  |c IRC  |d IRC 
041 0 |a eng 
082 1 4 |a 959.053  |b VA-M 
100 1 |a Vatikiotis, Michael R. J.,  |d 1957- 
245 0 0 |a Political change in Southeast Asia :  |b trimming the banyan tree /  |c Michael R. J. Vatikiotis, 1957- 
260 |a London; New York :  |b Routledge,  |c 1996. 
300 |a 230p. ;  |c 21.5cm. 
520 3 |a Recovering tradition. Deus ex impera. Differing on democracy. Core values or elitist cores. The religious challenge to authority. Coming toghether. 
630 0 4 |a Asia. 
630 0 4 |a Southeast Asia. 
650 0 4 |a Asia, Southeastern  |b Politics and government  |y 1945- 
651 4 |a Asia, Southeastern  |x Politics and government  |y 1945- 
OWN |a DUT 
999 |a From the UDN01 
TYP |a Monograph 
TYP |a Printed language 
980 |a Mạng thư viện Đại học Đà Nẵng